Komunikujem, teda som. Čo sú public relations.

Prostredie pre public relations (PR) - trhová ekonomika s bohato diferencovanými a štruktúrovanými záujmami a potrebami. Relations - vzťahy. Subjekty a publikum (vonkajšie a vnútorné) PR. PR a komunikácia. Vzťah reklamy a PR. Na Slovensku chýba národná asociácia pre oblasť PR. V Česku pôsobí MOSPRA...

Celý popis

Uložené v:
Podrobná bibliografia
Hlavný autor: Žáry, Ivan
Médium: Kapitola
Jazyk:Slovak
Predmet:
Tagy: Pridať tag
Žiadne tagy, Buďte prvý, kto otaguje tento záznam!

MARC

LEADER 00000naa a2200000 4500
001 r013210
005 20221213123413.7
041 0 |a slo 
044 |a SK 
245 1 0 |a Komunikujem, teda som.  |b Čo sú public relations.  |c Ivan Žáry 
520 |a Prostredie pre public relations (PR) - trhová ekonomika s bohato diferencovanými a štruktúrovanými záujmami a potrebami. Relations - vzťahy. Subjekty a publikum (vonkajšie a vnútorné) PR. PR a komunikácia. Vzťah reklamy a PR. Na Slovensku chýba národná asociácia pre oblasť PR. V Česku pôsobí MOSPRA so sídlom v Brne, so sídlom v Ženeve IPRA (združuje jednotlivcov pôsobiacich väčšinou medzinárodne) a CERP je Európska konfederácia public relations. 
610 2 0 |a práca s verejnosťou 
610 2 0 |a komunikácia 
610 2 0 |a reklama 
610 2 0 |a MOSPRA 
610 2 0 |a IPRA 
610 2 0 |a CERP 
100 1 |a Žáry, Ivan